| 000 | 01023nas a2200325 i 4500 | ||
|---|---|---|---|
| 001 | 1592 | ||
| 003 | ES-MaACL | ||
| 005 | 20250812062554.0 | ||
| 007 | t| | ||
| 008 | 950801d19441956cu | | 1 ||pa d | ||
| 022 | _a1017-9992 | ||
| 080 | _a7(05) | ||
| 080 | _a821.134.2(7/8) | ||
| 080 | _a82.09 | ||
| 245 | 0 | 0 |
_aOrígenes _b: revista de arte y literatura. |
| 260 |
_aLa Habana : _bImp. Úcar, García y Cía, _c1944-1956. |
||
| 300 |
_a1 v. ; _c23 cm. |
||
| 310 | _aTrimestral | ||
| 362 | 0 | _aAño I, n.1(1944)-Año 13, n.40 (1956) | |
| 580 | _aDisponible ed. facs. publicada por Turner en 1989. | ||
| 650 | 1 | 7 |
_aArte _2embne _910068 |
| 650 | 1 | 4 |
_aArte- _vPublicaciones periódicas. _9139566 |
| 650 | 0 | 4 |
_aLiteratura hispanoamericana- _yS.XX. _9183405 |
| 650 | 0 | 4 |
_aPublicaciones periódicas- _zCuba- _yS.XX. _916600 |
| 655 | 7 |
_2tgfbne _9226495 _aFacsímiles |
|
| 852 |
_aES-MaACL _jHEM-H-216 _dOlim: Hem-1450 _cHEM |
||
| 942 |
_2udc _cMONOGRAFIA |
||
| 999 |
_c1592 _d1592 |
||